<?xml version="1.0" encoding="UTF-8"?>
<record
    xmlns:xsi="http://www.w3.org/2001/XMLSchema-instance"
    xsi:schemaLocation="http://www.loc.gov/MARC21/slim http://www.loc.gov/standards/marcxml/schema/MARC21slim.xsd"
    xmlns="http://www.loc.gov/MARC21/slim">

  <leader>01846nam0a2200373   4500</leader>
  <controlfield tag="001">RU\NLR\bibl\69922</controlfield>
  <controlfield tag="005">20260408192024.0</controlfield>
  <datafield tag="010" ind1=" " ind2=" ">
    <subfield code="a">5-900871-49-5</subfield>
    <subfield code="9">50</subfield>
  </datafield>
  <datafield tag="021" ind1=" " ind2=" ">
    <subfield code="a">RU</subfield>
    <subfield code="b">1999-42741</subfield>
    <subfield code="9">2100</subfield>
  </datafield>
  <datafield tag="035" ind1=" " ind2=" ">
    <subfield code="a">(NLR Aleph) 000068210</subfield>
  </datafield>
  <datafield tag="090" ind1=" " ind2=" ">
    <subfield code="a">374878</subfield>
    <subfield code="c">374878</subfield>
  </datafield>
  <datafield tag="100" ind1=" " ind2=" ">
    <subfield code="a">20000211d1999    |||y0rusy50      ca</subfield>
  </datafield>
  <datafield tag="101" ind1="0" ind2=" ">
    <subfield code="a">rus</subfield>
  </datafield>
  <datafield tag="102" ind1=" " ind2=" ">
    <subfield code="a">RU</subfield>
  </datafield>
  <datafield tag="105" ind1=" " ind2=" ">
    <subfield code="a">a   |||||||||</subfield>
  </datafield>
  <datafield tag="200" ind1="1" ind2=" ">
    <subfield code="a">&#x41C;&#x430;&#x440;&#x43A;&#x435;&#x442;&#x438;&#x43D;&#x433; &#x444;&#x438;&#x437;&#x43A;&#x443;&#x43B;&#x44C;&#x442;&#x443;&#x440;&#x43D;&#x43E;-&#x441;&#x43F;&#x43E;&#x440;&#x442;&#x438;&#x432;&#x43D;&#x44B;&#x445; &#x443;&#x441;&#x43B;&#x443;&#x433; &#x43F;&#x43E; &#x441;&#x435;&#x433;&#x43C;&#x435;&#x43D;&#x442;&#x443; &#x448;&#x43A;&#x43E;&#x43B;&#x44C;&#x43D;&#x438;&#x446;-&#x43F;&#x43E;&#x434;&#x440;&#x43E;&#x441;&#x442;&#x43A;&#x43E;&#x432;</subfield>
    <subfield code="f">&#x421;.&#x412;. &#x41D;&#x430;&#x447;&#x438;&#x43D;&#x441;&#x43A;&#x430;&#x44F;, &#x41E;.&#x41D;. &#x421;&#x442;&#x435;&#x43F;&#x430;&#x43D;&#x43E;&#x432;&#x430;, &#x410;.&#x412;. &#x41F;&#x43E;&#x440;&#x442;&#x43D;&#x43E;&#x432;</subfield>
    <subfield code="g">&#x41C;&#x43E;&#x441;&#x43A;. &#x43F;&#x435;&#x434;. &#x433;&#x43E;&#x441;. &#x443;&#x43D;-&#x442;, &#x41C;&#x43E;&#x441;&#x43A;. &#x433;&#x43E;&#x441;. &#x430;&#x43A;&#x430;&#x434;. &#x444;&#x438;&#x437;. &#x43A;&#x443;&#x43B;&#x44C;&#x442;&#x443;&#x440;&#x44B;</subfield>
  </datafield>
  <datafield tag="210" ind1=" " ind2=" ">
    <subfield code="a">&#x41C;.</subfield>
    <subfield code="c">&#x41C;&#x43E;&#x441;&#x43A;. &#x433;&#x43E;&#x441;. &#x43F;&#x435;&#x434;. &#x443;&#x43D;-&#x442;</subfield>
    <subfield code="a">&#x43F;&#x43E;&#x441;. &#x41C;&#x430;&#x43B;&#x430;&#x445;&#x43E;&#x432;&#x43A;&#x430; (&#x41C;&#x43E;&#x441;&#x43A;. &#x43E;&#x431;&#x43B;.)</subfield>
    <subfield code="c">&#x41C;&#x43E;&#x441;&#x43A;. &#x433;&#x43E;&#x441;. &#x430;&#x43A;&#x430;&#x434;. &#x444;&#x438;&#x437;. &#x43A;&#x443;&#x43B;&#x44C;&#x442;&#x443;&#x440;&#x44B;</subfield>
    <subfield code="d">1999</subfield>
  </datafield>
  <datafield tag="215" ind1=" " ind2=" ">
    <subfield code="a">51 &#x441;.</subfield>
    <subfield code="c">&#x438;&#x43B;.</subfield>
    <subfield code="d">30</subfield>
  </datafield>
  <datafield tag="300" ind1=" " ind2=" ">
    <subfield code="a">&#x41D;&#x430; &#x442;&#x438;&#x442;. &#x43B;. &#x438; &#x43E;&#x431;&#x43B;.: &#x427;. 1</subfield>
  </datafield>
  <datafield tag="320" ind1=" " ind2=" ">
    <subfield code="a">&#x411;&#x438;&#x431;&#x43B;&#x438;&#x43E;&#x433;&#x440;. &#x432; &#x442;&#x435;&#x43A;&#x441;&#x442;&#x435;</subfield>
  </datafield>
  <datafield tag="606" ind1="0" ind2=" ">
    <subfield code="a">&#x428;&#x43A;&#x43E;&#x43B;&#x44C;&#x43D;&#x438;&#x446;&#x44B;</subfield>
    <subfield code="x">&#x424;&#x438;&#x437;&#x438;&#x447;&#x435;&#x441;&#x43A;&#x43E;&#x435; &#x440;&#x430;&#x437;&#x432;&#x438;&#x442;&#x438;&#x435;</subfield>
    <subfield code="9">2154966</subfield>
    <subfield code="3">RU\NLR\auth\661297408</subfield>
  </datafield>
  <datafield tag="606" ind1=" " ind2=" ">
    <subfield code="a">&#x41C;&#x430;&#x440;&#x43A;&#x435;&#x442;&#x438;&#x43D;&#x433; &#x432; &#x441;&#x43F;&#x43E;&#x440;&#x442;&#x435;</subfield>
    <subfield code="3">RU\NLR\auth\66666498</subfield>
    <subfield code="9">1530745</subfield>
  </datafield>
  <datafield tag="606" ind1=" " ind2=" ">
    <subfield code="a">&#x424;&#x438;&#x437;&#x438;&#x447;&#x435;&#x441;&#x43A;&#x430;&#x44F; &#x43A;&#x443;&#x43B;&#x44C;&#x442;&#x443;&#x440;&#x430; &#x438; &#x441;&#x43F;&#x43E;&#x440;&#x442;</subfield>
    <subfield code="x">&#x41C;&#x430;&#x440;&#x43A;&#x435;&#x442;&#x438;&#x43D;&#x433;</subfield>
    <subfield code="3">RU\NLR\auth\661288834</subfield>
    <subfield code="9">2137714</subfield>
  </datafield>
  <datafield tag="686" ind1=" " ind2=" ">
    <subfield code="a">&#x427;514&#x43A;</subfield>
  </datafield>
  <datafield tag="686" ind1=" " ind2=" ">
    <subfield code="a">&#x427;511,6(2)531</subfield>
  </datafield>
  <datafield tag="700" ind1=" " ind2="1">
    <subfield code="a">&#x41D;&#x430;&#x447;&#x438;&#x43D;&#x441;&#x43A;&#x430;&#x44F;</subfield>
    <subfield code="b">&#x421;. &#x412;.</subfield>
    <subfield code="g">&#x421;&#x432;&#x435;&#x442;&#x43B;&#x430;&#x43D;&#x430; &#x412;&#x430;&#x441;&#x438;&#x43B;&#x44C;&#x435;&#x432;&#x43D;&#x430;</subfield>
    <subfield code="4">070</subfield>
  </datafield>
  <datafield tag="701" ind1=" " ind2="1">
    <subfield code="4">070</subfield>
    <subfield code="7">ca</subfield>
    <subfield code="8">rus</subfield>
    <subfield code="a">&#x421;&#x442;&#x435;&#x43F;&#x430;&#x43D;&#x43E;&#x432;&#x430;</subfield>
    <subfield code="b">&#x41E;. &#x41D;.</subfield>
    <subfield code="c">&#x434;-&#x440; &#x43F;&#x435;&#x434;. &#x43D;&#x430;&#x443;&#x43A;, &#x444;&#x438;&#x437;&#x43A;&#x443;&#x43B;&#x44C;&#x442;&#x443;&#x440;&#x430;</subfield>
    <subfield code="f">1969-</subfield>
    <subfield code="g">&#x41E;&#x43B;&#x44C;&#x433;&#x430; &#x41D;&#x438;&#x43A;&#x43E;&#x43B;&#x430;&#x435;&#x432;&#x43D;&#x430;</subfield>
    <subfield code="3">RU\NLR\AUTH\7724131</subfield>
    <subfield code="9">7183</subfield>
  </datafield>
  <datafield tag="701" ind1=" " ind2="1">
    <subfield code="a">&#x41F;&#x43E;&#x440;&#x442;&#x43D;&#x43E;&#x432;</subfield>
    <subfield code="b">&#x410;. &#x412;.</subfield>
    <subfield code="g">&#x410;&#x43B;&#x435;&#x43A;&#x441;&#x430;&#x43D;&#x434;&#x440; &#x412;&#x430;&#x441;&#x438;&#x43B;&#x44C;&#x435;&#x432;&#x438;&#x447;</subfield>
    <subfield code="4">070</subfield>
  </datafield>
  <datafield tag="801" ind1=" " ind2="0">
    <subfield code="a">RU</subfield>
    <subfield code="b">NLR</subfield>
    <subfield code="c">20000211</subfield>
    <subfield code="g">PSBO</subfield>
  </datafield>
  <datafield tag="801" ind1=" " ind2="1">
    <subfield code="a">RU</subfield>
    <subfield code="b">NLR</subfield>
    <subfield code="c">20000211</subfield>
  </datafield>
  <datafield tag="852" ind1=" " ind2=" ">
    <subfield code="a">NLR</subfield>
    <subfield code="j">99-8/2622</subfield>
  </datafield>
  <datafield tag="942" ind1=" " ind2=" ">
    <subfield code="c">BOOK</subfield>
  </datafield>
  <datafield tag="980" ind1=" " ind2=" ">
    <subfield code="a">NB</subfield>
  </datafield>
  <datafield tag="995" ind1=" " ind2=" ">
    <subfield code="5">2000-02-11</subfield>
    <subfield code="a">ad</subfield>
    <subfield code="b">NLR01</subfield>
    <subfield code="c">NLR01</subfield>
    <subfield code="e">RF8</subfield>
    <subfield code="f">4773</subfield>
    <subfield code="k">99-8/2622</subfield>
    <subfield code="o">0</subfield>
    <subfield code="r">BOOK</subfield>
    <subfield code="s">9982622_</subfield>
  </datafield>
  <datafield tag="995" ind1=" " ind2=" ">
    <subfield code="5">2000-02-11</subfield>
    <subfield code="a">ad</subfield>
    <subfield code="b">NLR01</subfield>
    <subfield code="c">NLR01</subfield>
    <subfield code="e">RF8</subfield>
    <subfield code="f">4774</subfield>
    <subfield code="k">99-8/2622</subfield>
    <subfield code="o">0</subfield>
    <subfield code="r">BOOK</subfield>
    <subfield code="s">9982622_</subfield>
  </datafield>
</record>
